000 00631cab a2200205 4500
001 WB2806-07
008 090401t1992 xxu||||| |||| 00| 0 eng d
035 _a(Sirsi) u26565
041 _aeng
100 _aEnsom, T.
245 _aDealing with retention monies
260 _c1992
350 _a0
490 _aCS Monthly : QS Bulletin
_v1(5) February 1992, 7(1)
520 _aDescribes the wide differences in procedures and the way in which retention monies are dealt with in various JCT forms.
650 _aRETENTION MONIES
690 _aBUILT ENVIRONMENT-BUILDING CONTRACT FORMS
942 _n0
948 _c04/03/1997
999 _c17863
_d17863